[Event "Open de la Constitución 2019"]
[Site "S. S. de los Reyes ESP"]
[Date "2019.11.30"]
[Round "1.22"]
[White "Vazquez Gonzalez, Jesus"]
[Black "Raskin Calvo, Elizabetta"]
[Result "1-0"]
[WhiteElo "1929"]
[BlackElo "1144"]
[PlyCount "99"]
[EventDate "2019.11.30"]
[EventType "swiss"]
[EventRounds "9"]
[EventCountry "ESP"]
[SourceTitle "Ajedrez en Madrid"]
[Source "lmi"]
[SourceDate "2019.11.30"]
[SourceVersion "1"]
[SourceVersionDate "2019.12.16"]
[SourceQuality "1"]

1. e4 c5 2. Nf3 e6 3. d4 cxd4 4. Nxd4 a6 5. Nc3 Qc7 6. Be3 d6 7. Be2 Nf6 8. O-O
Nc6 9. f4 Be7 10. Kh1 b5 11. a3 Bb7 12. Bf3 Nxd4 13. Bxd4 d5 14. exd5 exd5 15.
Be5 Qc6 16. Bxf6 Qxf6 17. Nxd5 Bxd5 18. Qxd5 Rd8 19. Qc6+ Qxc6 20. Bxc6+ Kf8
21. Rad1 Rxd1 22. Rxd1 h5 23. g3 Rh6 24. Bf3 h4 25. g4 g5 26. f5 Kg7 27. Rd7
Kf6 28. Ra7 Rh7 29. Rxa6+ Ke5 30. Ra5 h3 31. Rxb5+ Kf4 32. Rb3 Rh6 33. Be2 Rc6
34. Rf3+ Ke4 35. Rxh3 Rxc2 36. Bd3+ Kf4 37. Bxc2 Kxg4 38. Kg2 Bd6 39. b4 f6 40.
b5 Kf4 41. b6 Ke5 42. b7 Kd5 43. Rd3+ Kc5 44. Rxd6 Kxd6 45. b8=Q+ Kc5 46. Qb4+
Kd5 47. Be4+ Ke5 48. Kf3 g4+ 49. Ke3 g3 50. Qd4# 1-0

[Event "Open de la Constitución 2019"]
[Site "S. S. de los Reyes ESP"]
[Date "2019.11.30"]
[Round "1.23"]
[White "Lopez-Ibarra Perdones, Miguel"]
[Black "Sacristan Virseda, Fernando"]
[Result "0-1"]
[WhiteElo "1136"]
[BlackElo "1880"]
[PlyCount "56"]
[EventDate "2019.11.30"]
[EventType "swiss"]
[EventRounds "9"]
[EventCountry "ESP"]
[SourceTitle "Ajedrez en Madrid"]
[Source "lmi"]
[SourceDate "2019.11.30"]
[SourceVersion "1"]
[SourceVersionDate "2019.12.16"]
[SourceQuality "1"]

1. e4 e5 2. Nf3 Nf6 3. Nc3 Nc6 4. Bb5 Nd4 5. Nxe5 Qe7 6. Nf3 Nxb5 7. O-O Nxc3
8. dxc3 d6 9. e5 dxe5 10. Re1 e4 11. Ng5 h6 12. Nf3 Qd6 13. Nd4 Be7 14. f3 O-O
15. fxe4 Ng4 16. h3 Qh2+ 17. Kf1 Qh1+ 18. Ke2 Qxg2+ 19. Kd3 Nf2+ 20. Kd2 Bg5+
21. Ke2 Nxe4+ 22. Kd3 Nf2+ 23. Ke2 Re8+ 24. Ne6 Rxe6+ 25. Be3 Rxe3+ 26. Kd2
Qd5+ 27. Kc1 Rxe1+ 28. Kb1 Rxd1# 0-1

[Event "Open de la Constitución 2019"]
[Site "S. S. de los Reyes ESP"]
[Date "2019.11.30"]
[Round "1.24"]
[White "De Vicente Guijarro, Juan"]
[Black "Luque Sanz, Victor"]
[Result "1-0"]
[WhiteElo "1853"]
[BlackElo "1132"]
[PlyCount "31"]
[EventDate "2019.11.30"]
[EventType "swiss"]
[EventRounds "9"]
[EventCountry "ESP"]
[SourceTitle "Ajedrez en Madrid"]
[Source "lmi"]
[SourceDate "2019.11.30"]
[SourceVersion "1"]
[SourceVersionDate "2019.12.16"]
[SourceQuality "1"]

1. e4 e5 2. Nf3 Nc6 3. Nc3 Nf6 4. d4 Bb4 5. Nxe5 Nxe5 6. dxe5 Nxe4 7. Qg4 Nxc3
8. Qxb4 Nd5 9. Qg4 g6 10. Bg5 d6 11. Qh4 Qd7 12. O-O-O Qc6 13. exd6 cxd6 14.
Qd4 O-O 15. Bh6 Nb4 16. Qg7# 1-0

[Event "Open de la Constitución 2019"]
[Site "S. S. de los Reyes ESP"]
[Date "2019.12.01"]
[Round "2.1"]
[White "Sanchez Saez, Francisco"]
[Black "Salvador Cabo, Cesar"]
[Result "0-1"]
[WhiteElo "2337"]
[BlackElo "1988"]
[PlyCount "106"]
[EventDate "2019.11.30"]
[EventType "swiss"]
[EventRounds "9"]
[EventCountry "ESP"]
[SourceTitle "Ajedrez en Madrid"]
[Source "lmi"]
[SourceDate "2019.11.30"]
[SourceVersion "1"]
[SourceVersionDate "2019.12.16"]
[SourceQuality "1"]

1. e4 c6 2. d4 d5 3. e5 c5 4. dxc5 e6 5. a3 Bxc5 6. b4 Bf8 7. Nf3 a5 8. b5 Ne7
9. Bd3 Nd7 10. O-O Nc5 11. Nc3 Ng6 12. Be3 b6 13. Re1 Bb7 14. Bf1 Rc8 15. Ne2
Qc7 16. Ned4 Nxe5 17. Bf4 Nxf3+ 18. Qxf3 Qd7 19. Rad1 Be7 20. Qg4 O-O 21. c4
Bf6 22. cxd5 e5 23. Nf5 exf4 24. Re7 Qxe7 25. Nxe7+ Bxe7 26. d6 Bf6 27. Qxf4
Rfd8 28. g3 Ra8 29. Bc4 Bc8 30. h4 Be6 31. Be2 Bd7 32. a4 Be6 33. Bf3 Rab8 34.
Bd5 Bxd5 35. Rxd5 Rd7 36. g4 Ne6 37. Qg3 g6 38. Rd1 Bd4 39. Rc1 Bc5 40. h5 Nd4
41. Re1 Bxd6 42. Qg2 Bc5 43. h6 Bf8 44. g5 Rbd8 45. Qg4 Be7 46. f4 Nf5 47. Qg2
Bc5+ 48. Kh1 Rd1 49. Rxd1 Rxd1+ 50. Kh2 Bg1+ 51. Kh1 Be3+ 52. Kh2 Bxf4+ 53. Kh3
Rd3+ 0-1

[Event "Open de la Constitución 2019"]
[Site "S. S. de los Reyes ESP"]
[Date "2019.12.01"]
[Round "2.2"]
[White "Longa Yauca, Javier"]
[Black "Vazquez Gonzalez, Jesus"]
[Result "1-0"]
[WhiteElo "2198"]
[BlackElo "1929"]
[PlyCount "113"]
[EventDate "2019.11.30"]
[EventType "swiss"]
[EventRounds "9"]
[EventCountry "ESP"]
[SourceTitle "Ajedrez en Madrid"]
[Source "lmi"]
[SourceDate "2019.11.30"]
[SourceVersion "1"]
[SourceVersionDate "2019.12.16"]
[SourceQuality "1"]

1. d4 d5 2. Nf3 Nf6 3. c4 c6 4. Nc3 e6 5. Qb3 Nbd7 6. Bg5 Be7 7. e3 O-O 8. Be2
dxc4 9. Qxc4 Nb6 10. Qb3 Nfd5 11. Bxe7 Qxe7 12. Rc1 Nxc3 13. Rxc3 Nd5 14. Rc1
a5 15. a3 Rd8 16. O-O Qc7 17. Rfd1 a4 18. Qa2 Ra5 19. Qb1 Ne7 20. Ne5 f6 21.
Nd3 b6 22. Qa2 Kf8 23. Bf3 Qd6 24. e4 Ke8 25. Nb4 c5 26. e5 fxe5 27. dxc5 Rxc5
28. Qb1 Rxc1 29. Qxc1 Qc5 30. Rxd8+ Kxd8 31. Qxc5 bxc5 32. Nd3 Bd7 33. Nxc5 Nd5
34. Nd3 Bb5 35. Nxe5 Ke7 36. Be4 Kf6 37. Nf3 h5 38. Bxd5 exd5 39. Nd4 Bc4 40.
f4 g5 41. g3 h4 42. fxg5+ Kxg5 43. Nf3+ Kh5 44. Nxh4 d4 45. Kf2 Bd5 46. Nf5 d3
47. Ne3 Be4 48. Ke1 Kg5 49. h4+ Kh5 50. Kd2 Bh7 51. Nd5 Bf5 52. Nb6 Kg4 53.
Nxa4 Kxg3 54. h5 Kf4 55. h6 Kg5 56. Nc5 Kxh6 57. a4 1-0

[Event "Open de la Constitución 2019"]
[Site "S. S. de los Reyes ESP"]
[Date "2019.12.01"]
[Round "2.3"]
[White "Iagar, Razvan-Gabriel"]
[Black "De Vicente Guijarro, Juan"]
[Result "1-0"]
[WhiteElo "2182"]
[BlackElo "1853"]
[PlyCount "157"]
[EventDate "2019.11.30"]
[EventType "swiss"]
[EventRounds "9"]
[EventCountry "ESP"]
[SourceTitle "Ajedrez en Madrid"]
[Source "lmi"]
[SourceDate "2019.11.30"]
[SourceVersion "1"]
[SourceVersionDate "2019.12.16"]
[SourceQuality "1"]

1. d4 d5 2. c4 e6 3. Nc3 a6 4. cxd5 exd5 5. Nf3 h6 6. Bf4 Nf6 7. Qc2 Bd6 8. Bg3
Nc6 9. a3 O-O 10. e3 Re8 11. Bd3 Bg4 12. O-O Bxg3 13. hxg3 Qd6 14. Rac1 h5 15.
Nd2 Re7 16. Na4 Rae8 17. Nc5 Bc8 18. Nf3 Ng4 19. Bh7+ Kh8 20. Bf5 Bxf5 21. Qxf5
g6 22. Qf4 Qxf4 23. gxf4 Nd8 24. Rc3 Nf6 25. Rfc1 c6 26. Ne5 Ne4 27. Nxe4 dxe4
28. Nc4 Re6 29. Na5 Rd6 30. b4 Re7 31. a4 Rd5 32. Nc4 Kg7 33. Nb6 Rf5 34. Rc5
Kf6 35. Rxf5+ Kxf5 36. Rc5+ Kf6 37. b5 axb5 38. axb5 Re6 39. bxc6 Rxc6 40. Nd7+
Ke7 41. Rxc6 Nxc6 42. Nc5 b5 43. Nxe4 b4 44. Nd2 Na5 45. Kf1 f6 46. Ke2 g5 47.
fxg5 fxg5 48. Ne4 b3 49. Kd3 g4 50. Ng3 Nc4 51. Kc3 b2 52. Kc2 h4 53. Nf5+ Kd7
54. Nxh4 Kc6 55. Ng6 g3 56. fxg3 Nxe3+ 57. Kxb2 Nf5 58. Kc3 Nxg3 59. Kd3 Kd6
60. Nf4 Kd7 61. Ke3 Kd6 62. Ne2 Nf5+ 63. Kf4 Ne7 64. g4 Ke6 65. Kg5 Kf7 66. Nf4
Nc6 67. d5 Nd4 68. Nd3 Nb5 69. Kh6 Nd6 70. g5 Kg8 71. g6 Ne4 72. Nf4 Nf6 73.
Kg5 Ne4+ 74. Kf5 Ng3+ 75. Ke6 Kg7 76. d6 Ne4 77. d7 Nc5+ 78. Ke7 Nxd7 79. Kxd7
1-0

[Event "Open de la Constitución 2019"]
[Site "S. S. de los Reyes ESP"]
[Date "2019.12.01"]
[Round "2.4"]
[White "Lopez de Turiso, Jose Angel"]
[Black "Alfaya Marcelo, Roberto"]
[Result "0-1"]
[WhiteElo "1947"]
[BlackElo "2171"]
[PlyCount "60"]
[EventDate "2019.11.30"]
[EventType "swiss"]
[EventRounds "9"]
[EventCountry "ESP"]
[SourceTitle "Ajedrez en Madrid"]
[Source "lmi"]
[SourceDate "2019.11.30"]
[SourceVersion "1"]
[SourceVersionDate "2019.12.16"]
[SourceQuality "1"]

1. d4 Nf6 2. c4 g6 3. Nc3 Bg7 4. e4 d6 5. Nf3 O-O 6. Be2 e5 7. O-O Nc6 8. d5
Ne7 9. Ne1 Nd7 10. Nd3 f5 11. Bd2 Nf6 12. f3 f4 13. Be1 g5 14. c5 Ng6 15. a4
Rf7 16. a5 Bf8 17. b4 Rg7 18. a6 b6 19. cxb6 cxb6 20. b5 h5 21. Nb4 Qe8 22. Nc6
g4 23. Na4 g3 24. h3 Bxh3 25. gxh3 Qd7 26. Bd3 Qxh3 27. Qc2 Nh4 28. Bb4 g2 29.
Rfc1 Qh1+ 30. Kf2 g1=Q+ 0-1

[Event "Open de la Constitución 2019"]
[Site "S. S. de los Reyes ESP"]
[Date "2019.12.01"]
[Round "2.6"]
[White "Sacristan Virseda, Fernando"]
[Black "Torres Boch, Jose F."]
[Result "0-1"]
[WhiteElo "1880"]
[BlackElo "2154"]
[PlyCount "60"]
[EventDate "2019.11.30"]
[EventType "swiss"]
[EventRounds "9"]
[EventCountry "ESP"]
[SourceTitle "Ajedrez en Madrid"]
[Source "lmi"]
[SourceDate "2019.11.30"]
[SourceVersion "1"]
[SourceVersionDate "2019.12.16"]
[SourceQuality "1"]

1. e4 c5 2. Nc3 d6 3. g3 Nc6 4. Bg2 Nf6 5. d3 g6 6. f4 Bg7 7. Nf3 O-O 8. O-O
Rb8 9. h3 Ne8 10. Nh4 f5 11. exf5 gxf5 12. Re1 Nd4 13. Ne2 Ne6 14. c3 b5 15.
Qb3 b4 16. g4 Rb6 17. Qc4 N8c7 18. Bd5 Ba6 19. Bxe6+ Kh8 20. Qb3 bxc3 21. Nxc3
Rxb3 22. axb3 Bd4+ 23. Be3 Nxe6 24. Rxa6 fxg4 25. f5 Nf4 26. hxg4 e5 27. Nf3
Rg8 28. Bxd4 Rxg4+ 29. Kf1 cxd4 30. Ne4 Qg8 0-1

[Event "Open de la Constitución 2019"]
[Site "S. S. de los Reyes ESP"]
[Date "2019.12.01"]
[Round "2.7"]
[White "Perez Ordoñez, Jose Ramon"]
[Black "Santamaria Farran, Pablo"]
[Result "1-0"]
[WhiteElo "2149"]
[BlackElo "1808"]
[PlyCount "79"]
[EventDate "2019.11.30"]
[EventType "swiss"]
[EventRounds "9"]
[EventCountry "ESP"]
[SourceTitle "Ajedrez en Madrid"]
[Source "lmi"]
[SourceDate "2019.11.30"]
[SourceVersion "1"]
[SourceVersionDate "2019.12.16"]
[SourceQuality "1"]

1. e4 c5 2. c3 Nc6 3. d4 cxd4 4. cxd4 d5 5. e5 g6 6. Nc3 Bg7 7. Bb5 Nh6 8. Nge2
O-O 9. O-O f6 10. exf6 exf6 11. Ba4 Bg4 12. h3 Bxe2 13. Qxe2 Nf5 14. Qd3 Nfxd4
15. Be3 f5 16. Rad1 f4 17. Bxd4 Nxd4 18. Nb5 Nxb5 19. Qxb5 d4 20. Qxb7 Kh8 21.
Qf3 Qa5 22. Bb3 Rae8 23. Rc1 d3 24. Qxd3 Bxb2 25. Rc2 Bg7 26. Qf3 Re1 27. Rxe1
Qxe1+ 28. Kh2 a5 29. Re2 Qb4 30. Qd5 Qd4 31. Qxa5 f3 32. Rd2 Qf6 33. g3 Qa1 34.
Rd1 Qb2 35. Qd2 Qf6 36. Qd5 Qb2 37. Rd2 Qc1 38. Rd3 Qc8 39. Rxf3 Rxf3 40. Qxf3
1-0

[Event "Open de la Constitución 2019"]
[Site "S. S. de los Reyes ESP"]
[Date "2019.12.01"]
[Round "2.8"]
[White "Rodriguez Garcia, Alberto"]
[Black "Lozano Suarez, Luis Miguel"]
[Result "1/2-1/2"]
[WhiteElo "1831"]
[BlackElo "2130"]
[PlyCount "51"]
[EventDate "2019.11.30"]
[EventType "swiss"]
[EventRounds "9"]
[EventCountry "ESP"]
[SourceTitle "Ajedrez en Madrid"]
[Source "lmi"]
[SourceDate "2019.11.30"]
[SourceVersion "1"]
[SourceVersionDate "2019.12.16"]
[SourceQuality "1"]

1. e4 d5 2. exd5 Qxd5 3. Nc3 Qd8 4. d4 Nf6 5. Nf3 Bg4 6. Be3 e6 7. Be2 c6 8.
O-O Bd6 9. Qd2 Nbd7 10. Bf4 Be7 11. Rfe1 O-O 12. Rad1 Nd5 13. Nxd5 cxd5 14. Ne5
Bxe2 15. Qxe2 Nxe5 16. Bxe5 Bf6 17. Rd3 Bxe5 18. Qxe5 g6 19. Rf3 Rc8 20. c3 Re8
21. Rf6 Qc7 22. Qg5 Kg7 23. Re3 h6 24. Qh4 Rh8 25. Ref3 Rcf8 26. Qf4 1/2-1/2

[Event "Open de la Constitución 2019"]
[Site "S. S. de los Reyes ESP"]
[Date "2019.12.01"]
[Round "2.9"]
[White "Pindado Campos, Raul"]
[Black "Sanchez Sanz, Alejandro"]
[Result "1-0"]
[WhiteElo "2100"]
[BlackElo "1745"]
[PlyCount "66"]
[EventDate "2019.11.30"]
[EventType "swiss"]
[EventRounds "9"]
[EventCountry "ESP"]
[SourceTitle "Ajedrez en Madrid"]
[Source "lmi"]
[SourceDate "2019.11.30"]
[SourceVersion "1"]
[SourceVersionDate "2019.12.16"]
[SourceQuality "1"]

1. d4 Nf6 2. c4 e6 3. g3 d5 4. Nf3 Nbd7 5. Bg2 b6 6. cxd5 exd5 7. Nc3 Bb7 8.
O-O Be7 9. Bf4 Nh5 10. Bd2 Ndf6 11. Ne5 O-O 12. g4 Ne4 13. gxh5 Bg5 14. Bxg5
Qxg5 15. f4 Qxh5 16. Nxe4 dxe4 17. e3 Qh4 18. Rf2 Rfd8 19. Qg4 Qe7 20. Bf1 Bd5
21. Bc4 Bxc4 22. Nxc4 f6 23. Nd2 Rd5 24. Rg2 f5 25. Qe2 Rad8 26. Qc4 Kh8 27. b4
c5 28. bxc5 bxc5 29. Nb3 cxd4 30. Nxd4 Rc5 31. Qe6 Qf8 32. Qa6 Qe7 33. Rb1 Rcd5
1-0

[Event "Open de la Constitución 2019"]
[Site "S. S. de los Reyes ESP"]
[Date "2019.12.01"]
[Round "2.10"]
[White "Montiel Miguelez, Manuel"]
[Black "Cabañas Bravo, Juan Andres"]
[Result "0-1"]
[WhiteElo "1811"]
[BlackElo "2063"]
[PlyCount "110"]
[EventDate "2019.11.30"]
[EventType "swiss"]
[EventRounds "9"]
[EventCountry "ESP"]
[SourceTitle "Ajedrez en Madrid"]
[Source "lmi"]
[SourceDate "2019.11.30"]
[SourceVersion "1"]
[SourceVersionDate "2019.12.16"]
[SourceQuality "1"]

1. e4 e5 2. Nf3 Nc6 3. Bb5 a6 4. Ba4 Nf6 5. O-O Nxe4 6. Re1 Nc5 7. Bxc6 dxc6 8.
Nxe5 Ne6 9. Qf3 Qf6 10. Qe4 Nc5 11. Qe2 Be7 12. d4 Ne6 13. c3 O-O 14. Nd2 Nf4
15. Qf3 Nd5 16. Qe2 Bd6 17. Ne4 Qd8 18. Qh5 f6 19. Nc4 b5 20. Ncxd6 cxd6 21.
Bd2 Ra7 22. Re2 Re7 23. Rae1 Rfe8 24. b3 Be6 25. c4 Bf7 26. Qg4 bxc4 27. bxc4
Be6 28. Qg3 Bf5 29. Qf3 Bxe4 30. Rxe4 Rxe4 31. Rxe4 Rxe4 32. Qxe4 Qe7 33. Qxe7
Nxe7 34. Bb4 Nf5 35. Bc3 d5 36. g4 Nh4 37. cxd5 cxd5 38. f4 f5 39. h3 Kf7 40.
Kf2 Ke6 41. Bb4 Ng6 42. Ke3 Nh8 43. Bf8 g6 44. Kd3 Nf7 45. a4 Nd8 46. Kc3 Nc6
47. Bg7 fxg4 48. hxg4 h5 49. gxh5 gxh5 50. Kd2 Kf5 51. Be5 Ke4 52. Ke1 Nxd4 53.
Kf2 Ne6 54. Kg3 d4 55. Kh4 Nxf4 0-1

[Event "Open de la Constitución 2019"]
[Site "S. S. de los Reyes ESP"]
[Date "2019.12.01"]
[Round "2.11"]
[White "Martin Rodriguez, Emilio"]
[Black "Gonzalez Prida, Jose Maria"]
[Result "1-0"]
[WhiteElo "2030"]
[BlackElo "1712"]
[PlyCount "87"]
[EventDate "2019.11.30"]
[EventType "swiss"]
[EventRounds "9"]
[EventCountry "ESP"]
[SourceTitle "Ajedrez en Madrid"]
[Source "lmi"]
[SourceDate "2019.11.30"]
[SourceVersion "1"]
[SourceVersionDate "2019.12.16"]
[SourceQuality "1"]

1. d4 d5 2. Bf4 e6 3. e3 Nf6 4. Nd2 Be7 5. Bd3 Nbd7 6. c3 c5 7. h3 Qb6 8. b3
Bd6 9. Ngf3 Qc7 10. Bxd6 Qxd6 11. O-O O-O 12. Qe2 e5 13. Bc2 e4 14. Nh2 Ne8 15.
dxc5 Nxc5 16. c4 Be6 17. cxd5 Qxd5 18. Rfd1 Qe5 19. b4 Qc3 20. Nxe4 Nxe4 21.
Bxe4 Qxb4 22. Rd4 Qe7 23. Rad1 Nf6 24. Bf3 Rac8 25. Nf1 Rc7 26. Ng3 g6 27. Qb2
Rfc8 28. Be4 b6 29. Bb1 Rc3 30. Ne2 R3c6 31. Nf4 Kf8 32. R4d2 Kg8 33. Ne2 Rc5
34. Nd4 Bc4 35. Nf3 Be6 36. Bd3 Rd5 37. Ba6 Rxd2 38. Qxd2 Rc7 39. Nd4 Ne4 40.
Qb2 Qf6 41. Bd3 Nc5 42. Bb5 a6 43. Nxe6 Qxe6 44. Rd8+ 1-0

[Event "Open de la Constitución 2019"]
[Site "S. S. de los Reyes ESP"]
[Date "2019.12.01"]
[Round "2.12"]
[White "Rodriguez Valdeavero, Julio C."]
[Black "Aziz Ortego, Omar Luis"]
[Result "0-1"]
[WhiteElo "1778"]
[BlackElo "2019"]
[PlyCount "58"]
[EventDate "2019.11.30"]
[EventType "swiss"]
[EventRounds "9"]
[EventCountry "ESP"]
[SourceTitle "Ajedrez en Madrid"]
[Source "lmi"]
[SourceDate "2019.11.30"]
[SourceVersion "1"]
[SourceVersionDate "2019.12.16"]
[SourceQuality "1"]

1. Nf3 d6 2. c4 g6 3. g3 Bg7 4. Bg2 e5 5. Nc3 f5 6. d3 Nf6 7. Bg5 h6 8. Bxf6
Qxf6 9. Nd5 Qf7 10. Qa4+ Nc6 11. O-O O-O 12. Rab1 g5 13. b4 g4 14. Nd2 Nd4 15.
e3 Ne6 16. f3 Bd7 17. Qb3 c6 18. Nc3 h5 19. fxg4 hxg4 20. Nce4 Qe7 21. Nf2 Bh6
22. Rbe1 Qg7 23. Qd1 Rf6 24. e4 Bxd2 25. Qxd2 f4 26. h3 gxh3 27. Nxh3 Nd4 28.
g4 Bxg4 29. Nf2 Nf3+ 0-1

[Event "Open de la Constitución 2019"]
[Site "S. S. de los Reyes ESP"]
[Date "2019.12.01"]
[Round "2.13"]
[White "Estevez Sacristan, Deva"]
[Black "Ramos Fernandez, Pedro"]
[Result "0-1"]
[WhiteElo "1719"]
[BlackElo "2008"]
[PlyCount "106"]
[EventDate "2019.11.30"]
[EventType "swiss"]
[EventRounds "9"]
[EventCountry "ESP"]
[SourceTitle "Ajedrez en Madrid"]
[Source "lmi"]
[SourceDate "2019.11.30"]
[SourceVersion "1"]
[SourceVersionDate "2019.12.16"]
[SourceQuality "1"]

1. e4 e5 2. Nf3 Nc6 3. Bb5 Nge7 4. O-O d6 5. c3 a6 6. Ba4 b5 7. Bc2 Ng6 8. Re1
Bg4 9. h3 Bxf3 10. Qxf3 Be7 11. a4 O-O 12. d3 b4 13. Nd2 Rb8 14. Nf1 Bg5 15.
Ne3 b3 16. Bd1 Bxe3 17. Bxe3 Na5 18. g3 c5 19. h4 Ne7 20. h5 f5 21. h6 f4 22.
Qg4 Ng6 23. Bd2 gxh6 24. Ra3 Kh8 25. Qh3 c4 26. d4 Rg8 27. Kh2 Qf6 28. Rf1 Rbf8
29. Be2 Qg7 30. Raa1 f3 31. Bxh6 Qb7 32. Bd1 Qxe4 33. Bxf8 Rxf8 34. Qd7 Qd3 35.
Kg1 exd4 36. cxd4 Qxd4 37. Qc7 Qxb2 38. Qxa5 Qxa1 39. Bxb3 Qe5 40. Qxe5+ Nxe5
41. Bc2 Rb8 42. Rd1 Rb2 43. Be4 c3 44. Rc1 Rb3 45. Kf1 Kg7 46. Ke1 d5 47. Bc2
Rb2 48. Kd1 d4 49. Rb1 Rxb1+ 50. Bxb1 d3 51. Ba2 Ng4 52. Bd5 Nxf2+ 53. Kc1 d2+
0-1

[Event "Open de la Constitución 2019"]
[Site "S. S. de los Reyes ESP"]
[Date "2019.12.01"]
[Round "2.15"]
[White "Ruiz Grau, David"]
[Black "Martinez Fernandez, Raul"]
[Result "0-1"]
[WhiteElo "1326"]
[BlackElo "2203"]
[PlyCount "26"]
[EventDate "2019.11.30"]
[EventType "swiss"]
[EventRounds "9"]
[EventCountry "ESP"]
[SourceTitle "Ajedrez en Madrid"]
[Source "lmi"]
[SourceDate "2019.11.30"]
[SourceVersion "1"]
[SourceVersionDate "2019.12.16"]
[SourceQuality "1"]

1. d4 d5 2. Bf4 Nf6 3. e3 c5 4. c3 Qb6 5. Na3 c4 6. Qb1 Nc6 7. Be2 e5 8. Bg3
Bxa3 9. bxa3 Ne4 10. Qc1 exd4 11. cxd4 Qa5+ 12. Kf1 Nd2+ 13. Ke1 Nb3+ 0-1

[Event "Open de la Constitución 2019"]
[Site "S. S. de los Reyes ESP"]
[Date "2019.12.01"]
[Round "2.16"]
[White "Garcia Estebañez, Diego"]
[Black "Marcos Herrero, Francisco"]
[Result "0-1"]
[WhiteElo "1205"]
[BlackElo "1788"]
[PlyCount "46"]
[EventDate "2019.11.30"]
[EventType "swiss"]
[EventRounds "9"]
[EventCountry "ESP"]
[SourceTitle "Ajedrez en Madrid"]
[Source "lmi"]
[SourceDate "2019.11.30"]
[SourceVersion "1"]
[SourceVersionDate "2019.12.16"]
[SourceQuality "1"]

1. e4 c5 2. Nf3 g6 3. Bc4 Nc6 4. O-O Bg7 5. c3 Nf6 6. d3 d6 7. Nbd2 O-O 8. Nb3
a6 9. Bf4 e6 10. e5 dxe5 11. Nxe5 Nxe5 12. Bxe5 b5 13. Qf3 Ra7 14. Bb8 Bb7 15.
Qg3 Nh5 16. Qe3 Qxb8 17. Bxe6 fxe6 18. Qxe6+ Kh8 19. Nxc5 Bxg2 20. Nd7 Rxd7 21.
Qxd7 Qa8 22. Qg4 Nf4 23. Rfd1 Nh3+ 0-1

[Event "Open de la Constitución 2019"]
[Site "S. S. de los Reyes ESP"]
[Date "2019.12.01"]
[Round "2.17"]
[White "Sanchez Villodres, Mario"]
[Black "Nuevo Benitez, Miguel Angel"]
[Result "0-1"]
[WhiteElo "1187"]
[BlackElo "1707"]
[PlyCount "48"]
[EventDate "2019.11.30"]
[EventType "swiss"]
[EventRounds "9"]
[EventCountry "ESP"]
[SourceTitle "Ajedrez en Madrid"]
[Source "lmi"]
[SourceDate "2019.11.30"]
[SourceVersion "1"]
[SourceVersionDate "2019.12.16"]
[SourceQuality "1"]

1. e4 d6 2. d4 g6 3. Nc3 Bg7 4. Nf3 Nf6 5. Bg5 O-O 6. Bc4 Nxe4 7. Nxe4 d5 8.
Qd3 Bf5 9. Qa3 dxe4 10. Bxe7 Qe8 11. Bxf8 exf3+ 12. Kf1 fxg2+ 13. Kxg2 Qxf8 14.
Qf3 Nc6 15. Bd5 Nxd4 16. Qc3 c6 17. Bb3 Be4+ 18. Kh3 Qc8+ 19. Kg3 Ne2+ 20. Kh4
Bxc3 21. Rhg1 Bf6+ 22. Rg5 Qf5 23. f4 Qxf4+ 24. Kh3 Bxg5 0-1

[Event "Open de la Constitución 2019"]
[Site "S. S. de los Reyes ESP"]
[Date "2019.12.01"]
[Round "2.18"]
[White "Garcia Minguez, Antonio"]
[Black "Diaz Guzman, David"]
[Result "1-0"]
[WhiteElo "1542"]
[BlackElo "1137"]
[PlyCount "109"]
[EventDate "2019.11.30"]
[EventType "swiss"]
[EventRounds "9"]
[EventCountry "ESP"]
[SourceTitle "Ajedrez en Madrid"]
[Source "lmi"]
[SourceDate "2019.11.30"]
[SourceVersion "1"]
[SourceVersionDate "2019.12.16"]
[SourceQuality "1"]

1. d4 Nf6 2. Nf3 g6 3. c3 Bg7 4. Nbd2 O-O 5. e4 d5 6. Bd3 Nc6 7. O-O Re8 8. e5
Nd7 9. Re1 Nf8 10. h3 Bd7 11. Nb3 b6 12. Be3 Ne6 13. Qd2 a5 14. a4 Na7 15. Qe2
Qc8 16. c4 dxc4 17. Bxc4 Nc6 18. Bb5 Nb4 19. Rac1 Bxb5 20. Qxb5 Qa6 21. Qxa6
Rxa6 22. Red1 Ra7 23. Nbd2 Rb7 24. Nc4 Rd8 25. Ng5 Nxg5 26. Bxg5 Nc6 27. Be3
Nb4 28. b3 Nd5 29. Na3 Nxe3 30. fxe3 Bh6 31. Kf2 Rc8 32. Rc6 Kf8 33. Nb5 Ke8
34. Rdc1 Kd7 35. Kf3 Bg5 36. g3 e6 37. Nd6 cxd6 38. Rxc8 dxe5 39. dxe5 f6 40.
h4 Bh6 41. exf6 b5 42. Rh8 Kd6 43. axb5 Rxb5 44. Rc3 Rf5+ 45. Kg4 Rxf6 46. Rxh7
Bf8 47. Rb7 Kd5 48. Rb5+ Kd6 49. Rd3+ Kc6 50. Rxa5 Kb6 51. Ra4 Kb5 52. Rf4
Rxf4+ 53. exf4 Be7 54. Re3 Kc5 55. Rxe6 1-0

[Event "Open de la Constitución 2019"]
[Site "S. S. de los Reyes ESP"]
[Date "2019.12.01"]
[Round "2.19"]
[White "Solanilla Olcese, Ada"]
[Black "Rubio Caceres, Aaron"]
[Result "0-1"]
[WhiteElo "1379"]
[BlackElo "1711"]
[PlyCount "64"]
[EventDate "2019.11.30"]
[EventType "swiss"]
[EventRounds "9"]
[EventCountry "ESP"]
[SourceTitle "Ajedrez en Madrid"]
[Source "lmi"]
[SourceDate "2019.11.30"]
[SourceVersion "1"]
[SourceVersionDate "2019.12.16"]
[SourceQuality "1"]

1. e4 g6 2. d4 Bg7 3. Nf3 a6 4. Bc4 b5 5. Bxf7+ Kxf7 6. Ng5+ Ke8 7. Qf3 Nh6 8.
e5 Nc6 9. e6 Rf8 10. Qe4 d5 11. Qe3 Rf6 12. O-O Qd6 13. Re1 Ng4 14. Qh3 h5 15.
f3 Nh6 16. c3 Nd8 17. g3 Nxe6 18. Nxe6 Rxe6 19. Qf1 Rxe1 20. Qxe1 Qe6 21. Be3
Nf5 22. Bd2 Qxe1+ 23. Bxe1 Ne3 24. Na3 b4 25. cxb4 Bxd4 26. Rb1 Bf5 27. Bc3
Bxc3 28. bxc3 Bxb1 29. Nxb1 e5 30. Nd2 Nd1 31. Kf1 Nxc3 32. a3 a5 0-1

[Event "Open de la Constitución 2019"]
[Site "S. S. de los Reyes ESP"]
[Date "2019.12.01"]
[Round "2.20"]
[White "Raskin Calvo, Maximilian"]
[Black "Campos Rodriguez, Alvaro"]
[Result "0-1"]
[WhiteElo "1264"]
[BlackElo "1691"]
[PlyCount "78"]
[EventDate "2019.11.30"]
[EventType "swiss"]
[EventRounds "9"]
[EventCountry "ESP"]
[SourceTitle "Ajedrez en Madrid"]
[Source "lmi"]
[SourceDate "2019.11.30"]
[SourceVersion "1"]
[SourceVersionDate "2019.12.16"]
[SourceQuality "1"]

1. e4 c5 2. Nf3 Nc6 3. Nc3 a6 4. d4 cxd4 5. Nxd4 e6 6. Nf3 Bc5 7. Bc4 b5 8. Bb3
Bb7 9. O-O Na5 10. a3 Nxb3 11. cxb3 Ne7 12. b4 Ba7 13. Qd6 Bb8 14. Qd4 O-O 15.
Rd1 d6 16. e5 Bxf3 17. gxf3 Nf5 18. Qe4 Bc7 19. exd6 Bxd6 20. Bf4 Qe7 21. Bxd6
Nxd6 22. Qe5 Nc4 23. Qe2 Qf6 24. Rd3 Ne5 25. Re3 Ng6 26. Ne4 Qh4 27. Ng3 Nf4
28. Qf1 Qf6 29. Rb1 Rac8 30. Ne4 Qg6+ 31. Ng3 Rfd8 32. Kh1 Rc2 33. Ne4 Rxb2 34.
Rc1 h6 35. Qg1 Qxg1+ 36. Rxg1 Nh3 37. Rg2 Rd1+ 38. Re1 Rxe1+ 39. Rg1 Rxg1# 0-1